Statistics for You Are In Love (TV) - Taylor Swift (All Lyrics)

Click here to take the quiz!

General Stats

  • This quiz has been taken 54 times
  • The average score is 356 of 435

Answer Stats

Lyrics% Correct
on
100%
You
100%
you
100%
a
92%
it
92%
are
90%
can
90%
in
90%
love,
90%
love
90%
the
90%
The
90%
he
87%
He
87%
light
87%
see
87%
(See
87%
(Silence),
87%
silence
87%
true
87%
hear
85%
home
85%
home),
85%
just
85%
lights
85%
(Lights
85%
look,
85%
"Look
85%
look
85%
one
85%
One
85%
way
85%
(Way
85%
with
85%
dark
82%
feel
82%
for
82%
out
82%
out)
82%
out),
82%
room,
82%
and
79%
And
79%
meant
79%
your
77%
"You're
77%
best
74%
but
74%
friend"
74%
my
74%
says,
74%
to
74%
No
72%
enough
69%
knew
69%
of
69%
then
69%
they
69%
up"
69%
'Cause
67%
felt
67%
go
67%
his
67%
is
67%
let
67%
not
67%
touch,
67%
was,
67%
what
67%
Why
67%
why
67%
word
67%
words
67%
at
64%
face
64%
fears
64%
into
64%
I've
64%
keep
64%
keeps
64%
life
64%
much,
64%
once,
64%
put
64%
shoulders
64%
spent
64%
their
64%
trying
64%
wars
64%
whole
64%
brush
62%
fought
62%
joke
62%
lost
62%
midnight
62%
minds
62%
Pauses,
62%
picture
62%
proof,
62%
reflects
62%
saw
62%
talk
62%
talk,
62%
too
62%
Buttons
59%
coffee
59%
downtown
59%
fight,
59%
ghosts
59%
lighthearted
59%
now
59%
office
59%
said
59%
shirt,
59%
strange
59%
Sunday
59%
Time
59%
understand
59%
back
56%
burnt
56%
chain
56%
coat,
56%
fast,
56%
kiss
56%
moved
56%
neck
56%
night,
56%
play
56%
sidewalks,
56%
toast,
56%
two
56%
wakes,
56%
dancing
54%
Morning,
54%
place,
54%
'round
54%
so
54%
drives,
51%
Small
51%
snow
51%
globe
49%
goes
46%
(Ah)
38%
step,
36%

Score Distribution

Percentile by Number Answered

Percent of People with Each Score

Your Score History

You have not taken this quiz